| 000 | 00676nam a2200265Ia 4500 | ||
|---|---|---|---|
| 005 | 20250425162350.0 | ||
| 008 | 250425s9999 xx 000 0 und d | ||
| 020 | _a0138570795 | ||
| 041 | _aeng | ||
| 082 | _a550.21 | ||
| 100 | _aFOLEY, DUNCAN | ||
| 245 | 0 | _aINVESTIGATIONS IN ENVIRONMENTAL GEOLOGY | |
| 250 | _a2ND ED. | ||
| 260 |
_aEstados Unidos _bPEARSON PRENTICE HALL _c1999 |
||
| 260 | _aUPPER SADDLE RIVER | ||
| 300 | _a302 | ||
| 650 | _aAGUA-CONTAMINACION | ||
| 650 | _aDESASTRES NATURALES | ||
| 650 | _aGEOLOGIA AMBIENTAL | ||
| 650 | _aHIDROLOGIA | ||
| 700 | _aMCKENZIE, GARRY D | ||
| 700 | _aUTGARD, RUSSELL O | ||
| 942 | _c01 | ||
| 010 | _a66285 | ||
| 999 |
_c227756 _d227756 |
||